000 00436nam a2200157 4500
001 122071
003 ES-MaACL
007 t|
008 070214s1928 ag r ||||1| spa d
245 0 0 _aPoemas japoneses /
_cversión castellana de Gutiérrez Alfaro.
250 _aEd. privada.
260 _aBuenos Aires :
_bRuiz Hermanos,
_c1928.
300 _a94 p. ;
_c18 cm.
700 1 _aGutiérrez Alfaro.
_961083
852 _aES-MaACL
_jB-282
999 _c122071
_d122071